Countries by Apple Store - Statistics

General Stats
  • This quiz has been taken 20 times
  • The average score is 22 of 25
Answer Stats
# Country % Correct
28 Canada
100%
48 China
100%
17 Italy
100%
11 Japan
100%
12 Spain
100%
39 United Kingdom
100%
272 United States
100%
22 Australia
94%
20 France
94%
16 Germany
94%
7 South Korea
94%
3 Türkiye
94%
1 Belgium
88%
4 India
88%
3 Singapore
88%
3 Sweden
88%
1 Austria
82%
2 Brazil
82%
1 Malaysia
82%
3 Netherlands
82%
2 Thailand
82%
6 United Arab Emirates
82%
2 Mexico
76%
4 Switzerland
76%
2 Taiwan
71%
No matching quizzes found
Score Distribution
Percent of People with Each Score
Percentile by Number Answered
Your Score History
You have not taken this quiz